[Event "ESP-chT CECLUB Div1 GpB"]
[Site "Don Benito"]
[Date "2012.08.03"]
[Round "5"]
[White "Renteria Becerra, Jorge Elicer"]
[Black "San Emeterio, Rubio Jose"]
[Result "1-0"]
[WhiteElo "2326"]
[BlackElo "2062"]
[PlyCount "64"]
[EventDate "2012.07.30"]
[EventType "team"]
[EventRounds "5"]
[EventCountry "ESP"]
[SourceTitle "CBM 149 Extra"]
[Source "ChessBase"]
[SourceDate "2012.08.24"]
[SourceVersion "1"]
[SourceVersionDate "2012.08.24"]
[SourceQuality "1"]
[WhiteTeam "Villalba"]
[BlackTeam "Regatas"]
[WhiteTeamCountry "ESP"]
[BlackTeamCountry "ESP"]

1. e4 Nf6 2. e5 Nd5 3. c4 Nb6 4. d4 d6 5. exd6 exd6 6. Bd3 Be7 7. Ne2 Bg4 8. f3 Bh4+ 9. g3 Bxf3 10. 0-0 Bxe2 11. Qxe2+ Be7 12. Nc3 0-0 13. Qe4 g6 14. Bh6 Nc6 15. Bxf8 Bxf8 16. Qf4 Qd7 17. Ne4 Bg7 18. Nf6+ Bxf6 19. Qxf6 Re8 20. Rae1 Re6 21. Rxe6 Qxe6 22. Qxe6 fxe6 23. c5 Nc8 24. Rf4 d5 25. Bb5 Nd8 26. Bd7 Ne7 27. Kf2 Kg7 28. Ke3 Nf5+ 29. Kd3 Kf6 30. g4 Ke7 31. gxf5 Kxd7 32. fxg6 Ke8 1-0

[Event "Cantabria-chT Honor"]
[Site "Cantabria"]
[Date "2008.11.29"]
[Round "4"]
[White "San Emeterio, Rubio Jose"]
[Black "Fernandez Fernandez, Juan Carlos"]
[Result "0-1"]
[WhiteElo "2038"]
[BlackElo "2062"]
[PlyCount "84"]
[EventDate "2008.11.08"]
[EventType "swiss"]
[EventCountry "ESP"]
[SourceTitle "EXT 2024"]
[Source "ChessBase"]
[SourceDate "2023.10.10"]
[SourceVersion "1"]
[SourceVersionDate "2023.10.10"]
[SourceQuality "1"]

1. d4 Nf6 2. Bg5 Ne4 3. Bf4 d5 4. f3 Nf6 5. Nc3 c5 6. e4 e6 7. Bb5+ Nc6 8. exd5 Nxd5 9. Nxd5 Qxd5 10. dxc5 Qxc5 11. Bxc6+ Qxc6 12. Qd2 Be7 13. Ne2 0-0 14. 0-0-0 b6 15. Kb1 Bb7 16. Nd4 Qc4 17. Qe2 Qxe2 18. Nxe2 Rfd8 19. Be5 Rxd1+ 20. Rxd1 Rd8 21. Rxd8+ Bxd8 22. b3 f6 23. Bg3 Kf7 24. c4 g5 25. h3 Be7 26. Kc2 h5 27. Kd3 f5 28. Bb8 a6 29. Bc7 b5 30. a4 bxa4 31. bxa4 h4 32. a5 g4 33. hxg4 fxg4 34. fxg4 Bxg2 35. Ke3 Bc5+ 36. Kf4 Bf2 37. Bb6 Be1 38. Ng1 Bg3+ 39. Kg5 h3 40. Nxh3 Bxh3 41. c5 Bg2 42. Kh5 Bf3 0-1